000 01485nam a2200241Ia 4500
999 _c55891
_d55891
001 22989
003 GE_BSU
005 20230614165132.0
008 181216s ||||ge |||||||||||||| ||geo||
040 _cGE_BSU
041 _ageo
080 _a821.353.1(აგიოგრ.) ძ-49
245 _aძველი ქართული აგიოგრაფიული ლიტერატურის ძეგლები. წ. 2 : XI-XV სს. /
_cდასაბეჭდად მოამზადეს : ილ. აბულაძემ, ნ. ათანელიშვილმა, ნ. გოგუაძემ, მ. დოლაქიძემ, ც. ქურციკიძემ, ც. ჭანკიევმა და ც. ჯღამაძემ ; ი. აბულაძის ხელმძღვ. და რედ.
264 _aთბილისი :
_b[?],
_c1967.
300 _a264 გვ. ;
_c26 სმ.
500 _aპარალ. სათ. რუს. ენაზე
520 _aპარალ. სათ. რუს. ენ.
541 _h2 ლ. 72 თ.
653 _aქართული ხელნაწერები
653 _aძველი ქართული აგიოგრაფიული ლიტერატურის ძეგლები. წ. 2 XI-XV სს.
710 _aსაქართველოს სსრ მეცნიერებათა აკადემია
_918717
942 _cBK
_2udc